Tribhuvan University Central Library

उहिलेको पत्रकारिताः(अनुभवको संगालो) (Record no. 111908)

MARC details
000 -LEADER
fixed length control field 00705nam a22001457a 4500
008 - FIXED-LENGTH DATA ELEMENTS--GENERAL INFORMATION
fixed length control field 240207b |||||||| |||| 00| 0 eng d
020 ## - INTERNATIONAL STANDARD BOOK NUMBER
International Standard Book Number 9789937145442
082 ## - DEWEY DECIMAL CLASSIFICATION NUMBER
Classification number N070.922/N631
110 ## - MAIN ENTRY--CORPORATE NAME
Corporate name or jurisdiction name as entry element आन्तरिक मामिला तथा कानुन मन्त्रालय
245 ## - TITLE STATEMENT
Title उहिलेको पत्रकारिताः(अनुभवको संगालो)
260 ## - PUBLICATION, DISTRIBUTION, ETC.
Place of publication, distribution, etc. काठमाडौँः
Name of publisher, distributor, etc. आन्तरिक मामिला तथा कानुन मन्त्रालय,
Date of publication, distribution, etc. २०८०वि.
300 ## - PHYSICAL DESCRIPTION
Other physical details ज,१५८पृ. ः सचित्र
650 ## - SUBJECT ADDED ENTRY--TOPICAL TERM
Topical term or geographic name entry element पत्रकारहरु-जीवनी
942 ## - ADDED ENTRY ELEMENTS (KOHA)
Source of classification or shelving scheme Dewey Decimal Classification
Koha item type General Collections
Holdings
Withdrawn status Lost status Source of classification or shelving scheme Damaged status Not for loan Home library Current library Shelving location Date acquired Total Checkouts Full call number Barcode Date last seen Price effective from Koha item type
    Dewey Decimal Classification     Tribhuvan University Central Library Tribhuvan University Central Library New Building 02/07/2024   N070.922/N631 G91707 02/07/2024 02/07/2024 General Collections
    Dewey Decimal Classification     Tribhuvan University Central Library Tribhuvan University Central Library New Building 02/07/2024   N070.922/N631 G91708 02/07/2024 02/07/2024 General Collections
    Dewey Decimal Classification     Tribhuvan University Central Library Tribhuvan University Central Library New Building 02/08/2024   N070.922/N631 G91821 02/08/2024 02/08/2024 General Collections